[Event "4. Magistral Internacional de Pinamar"]
[Site "Pinamar ARG"]
[Date "2006.11.29"]
[Round "11.2"]
[White "Cordova, Emilio"]
[Black "Giardelli, Sergio C"]
[Result "1-0"]
[WhiteElo "2482"]
[BlackElo "2413"]
[PlyCount "77"]
[EventDate "2006.11.20"]
[EventType "tourn"]
[EventRounds "11"]
[EventCountry "ARG"]
[EventCategory "7"]
[Source "lmi"]
[SourceDate "2006.11.20"]

1. d4 Nf6 2. c4 e6 3. Nf3 b6 4. g3 Ba6 5. b3 Bb4+ 6. Bd2 Bxd2+ 7. Nbxd2 Bb7 8.
Bg2 O-O 9. O-O c5 10. Nb1 cxd4 11. Qxd4 Nc6 12. Qb2 Qc7 13. Nc3 a6 14. Rfd1
Rfd8 15. Rac1 Ne7 16. Na4 Bc6 17. Qd4 Rab8 18. c5 bxc5 19. Qxc5 d6 20. Qa3 Qa7
21. e3 Ne8 22. Nc3 Ba8 23. Rd4 Rbc8 24. Ra4 Nc7 25. Rd1 Ned5 26. Nxd5 Bxd5 27.
Qb2 Qb7 28. Rg4 e5 29. Nxe5 Bxg2 30. Nf3 Ne6 31. Kxg2 f5 32. Ra4 g5 33. Qf6 Re8
34. Qxf5 Rc5 35. Qg4 Ng7 36. Rxd6 h5 37. Qd4 Rf8 38. e4 Rc2 39. Rd7 1-0

[Event "4. Magistral Internacional de Pinamar"]
[Site "Pinamar ARG"]
[Date "2006.11.29"]
[Round "11.3"]
[White "Giaccio, Alfredo"]
[Black "Kovalyov, Anton"]
[Result "0-1"]
[WhiteElo "2462"]
[BlackElo "2381"]
[PlyCount "122"]
[EventDate "2006.11.20"]
[EventType "tourn"]
[EventRounds "11"]
[EventCountry "ARG"]
[EventCategory "7"]
[Source "lmi"]
[SourceDate "2006.11.20"]

1. e4 c5 2. Nf3 d6 3. d4 cxd4 4. Nxd4 Nf6 5. Nc3 a6 6. Rg1 e5 7. Nb3 b5 8. g4
Bb7 9. Qf3 b4 10. Nd5 Nxd5 11. exd5 Nd7 12. Be3 Rc8 13. Qe4 Be7 14. O-O-O Qc7
15. g5 a5 16. Bb5 O-O 17. Kb1 f5 18. gxf6 Nxf6 19. Qg2 Rf7 20. Rd2 Bf8 21. Rc1
a4 22. Bxa4 Nxd5 23. Qg4 Ra8 24. Bb5 Kh8 25. Qc4 Nxe3 26. Qxc7 Rxc7 27. fxe3
Rac8 28. Bd3 g6 29. Rf2 Bh6 30. Re1 Bg5 31. Rd2 Kg7 32. Bf1 d5 33. Rg2 Bh4 34.
Rc1 Rf7 35. Rg4 Be7 36. Na5 Ba8 37. Ba6 Rc7 38. Bf1 h5 39. Rg1 Bh4 40. e4 Bf2
41. Rh1 dxe4 42. Bg2 Rf8 43. b3 e3 44. Bxa8 Rxa8 45. Nc4 e2 46. Rhe1 Bxe1 47.
Rxe1 Rca7 48. a4 bxa3 49. Ka2 Re7 50. Rxe2 g5 51. Nd6 Rf8 52. c4 e4 53. Rxe4
Rxe4 54. Nxe4 g4 55. c5 h4 56. Kxa3 g3 57. hxg3 h3 58. g4 h2 59. Ng3 Rf3 60.
Nh1 Rf1 61. Ng3 Rg1 0-1

[Event "4. Magistral Internacional de Pinamar"]
[Site "Pinamar ARG"]
[Date "2006.11.29"]
[Round "11.4"]
[White "Cubas, Jose Fernando"]
[Black "Flores, Diego"]
[Result "1/2-1/2"]
[WhiteElo "2426"]
[BlackElo "2512"]
[PlyCount "57"]
[EventDate "2006.11.20"]
[EventType "tourn"]
[EventRounds "11"]
[EventCountry "ARG"]
[EventCategory "7"]
[Source "lmi"]
[SourceDate "2006.11.20"]

1. e4 c5 2. Nf3 e6 3. d4 cxd4 4. Nxd4 a6 5. Nc3 Qc7 6. Bd3 Bd6 7. Be3 Nf6 8. h3
b5 9. Qe2 Bb7 10. a3 h5 11. Bd2 Nc6 12. Nf3 Ne5 13. Nxe5 Bxe5 14. O-O-O Bxc3
15. Bxc3 Bxe4 16. Bxf6 Bxd3 17. Rxd3 gxf6 18. Rhd1 Rd8 19. Rd6 Qb7 20. g3 a5
21. Qe3 b4 22. a4 Rg8 23. h4 Rg4 24. Qc5 b3 25. Qxh5 Qc7 26. c3 Rxa4 27. Kb1
Rc4 28. Qb5 a4 29. Rxe6+ 1/2-1/2

[Event "4. Magistral Internacional de Pinamar"]
[Site "Pinamar ARG"]
[Date "2006.11.29"]
[Round "11.5"]
[White "Lemos, Damian"]
[Black "Rodi, Luis Ernesto"]
[Result "1-0"]
[WhiteElo "2371"]
[BlackElo "2283"]
[PlyCount "59"]
[EventDate "2006.11.20"]
[EventType "tourn"]
[EventRounds "11"]
[EventCountry "ARG"]
[EventCategory "7"]
[Source "lmi"]
[SourceDate "2006.11.20"]

1. Nf3 Nc6 2. d4 d5 3. g3 Bg4 4. Bg2 Qd7 5. O-O O-O-O 6. c3 Nf6 7. Ne5 Nxe5 8.
dxe5 Ne8 9. Qd4 Kb8 10. Be3 b6 11. a4 Bxe2 12. Re1 Ba6 13. a5 Bb7 14. axb6 axb6
15. b4 h5 16. Re2 Qg4 17. Qd2 h4 18. h3 Qg6 19. g4 f6 20. c4 fxe5 21. Nc3 Nf6
22. cxd5 Nxg4 23. Be4 Qf6 24. hxg4 e6 25. Bg5 Qf7 26. Bxd8 Bxb4 27. dxe6 Qxe6
28. Bxb7 Qxg4+ 29. Bg2 c6 30. Re4 1-0

[Event "4. Magistral Internacional de Pinamar"]
[Site "Pinamar ARG"]
[Date "2006.11.29"]
[Round "11.6"]
[White "Jonkman, Harmen"]
[Black "Quinteros, Miguel A"]
[Result "1-0"]
[WhiteElo "2430"]
[BlackElo "2488"]
[PlyCount "103"]
[EventDate "2006.11.20"]
[EventType "tourn"]
[EventRounds "11"]
[EventCountry "ARG"]
[EventCategory "7"]
[Source "lmi"]
[SourceDate "2006.11.20"]

1. e4 g6 2. d4 Bg7 3. Nc3 d6 4. Be3 a6 5. f4 Nf6 6. Nf3 O-O 7. Bd3 Nc6 8. d5
Ng4 9. Bg1 Nb8 10. h3 Nf6 11. Be3 c6 12. dxc6 Nxc6 13. O-O d5 14. exd5 Nxd5 15.
Nxd5 Qxd5 16. c3 Rd8 17. Be2 Qe4 18. Qc1 Bf5 19. Ng5 Qc2 20. Qxc2 Bxc2 21. Bb6
Rd6 22. Rac1 Bf5 23. Bc4 Rf8 24. g4 Bc8 25. Ne4 Rd7 26. b4 h6 27. a4 Kh7 28. b5
Nb8 29. Rf2 axb5 30. axb5 f5 31. Nc5 fxg4 32. hxg4 e5 33. Nxd7 Nxd7 34. Bc7
exf4 35. Rxf4 Rxf4 36. Bxf4 Nf6 37. Re1 g5 38. Bd3+ Kg8 39. Bg3 Bxg4 40. Re7
Bf3 41. Be5 Nh5 42. Bc4+ Kh7 43. Bd3+ Kg8 44. Bc4+ Kh7 45. Kf2 g4 46. Bd3+ Kg8
47. Bc4+ Kh7 48. Be2 Bxe2 49. Kxe2 Kg6 50. Bxg7 Nxg7 51. Rxb7 Nf5 52. Rd7 1-0